History Quiz

Random History or Clickable Quiz

'F' British historical people (click) Quiz Stats

Quiz not verified by Sporcle

Challenge
Share
Tweet
Embed
Score 0/20 Timer 05:00
0 Plays Today
% Correct
Fawkes, Guy
86.7%
Fleming, Ian
86.2%
Frost, David
83.2%
Fleming, Alexander
82.8%
Forster, E.M.
77.6%
Fonteyn, Margot
74.6%
Faraday, Michael
73.6%
Fields, Gracie
66%
Fielding, Henry
64.9%
Foot, Michael
59.9%
% Correct
Fawcett, Millicent
52.4%
Fry, Elizabeth
52%
Fairfax, Thomas
51.2%
Frobisher, Martin
39.4%
Fell, Margaret
38.2%
Foxe, John
37.9%
Fox, Charles
35.5%
Fisher, John
33.4%
French, John
33%
Franklin, John
29.4%

You're not logged in!

Compare scores with friends on all Sporcle quizzes.
Join for Free
OR
Log In

You Might Also Like...

Show Comments

Extras

Top Quizzes Today


Score Distribution

Your Account Isn't Verified!

In order to create a playlist on Sporcle, you need to verify the email address you used during registration. Go to your Sporcle Settings to finish the process.

Report this User

Report this user for behavior that violates our Community Guidelines.

Details: